| 000 | 00543cas a2200157 4500 | ||
|---|---|---|---|
| 008 | 130402n eng u | ||
| 022 | _a15305821 | ||
| 035 | _a(Sirsi) a178512 | ||
| 050 | _aH8.M4E3 | ||
| 245 | _aSaudi Aramco World | ||
| 260 |
_aHouston _bSaudi Aramco Company |
||
| 310 | _aBi-monthly | ||
| 362 | _aVol. 58, No. 3, 2007 - Vol. 65, No. 6, 2014 | ||
| 520 | _aThis magazine talks about culture of the Arab and Moslem Worlds, their history, Geography & Economy, and their connection with the west. | ||
| 650 | _aArabic History | ||
| 999 |
_c118300 _d118301 |
||